000 00389nam a2200133Ia 4500
008 231129s2012||||xx |||||||||||||| ||spa||
020 _a978-84-261-777-0
082 _a(i) 808.068543 H545a V.4
100 _aHergé
245 0 _aLas Aventuras de Tintí­n: Los cigarros del Faraon
260 _c2012
264 _aBarcelona: Juventud
942 _2ddc
_cBKS
999 _c18597
_d18597